[Event "Mittelrhein Verbandsliga-M 16/17"]
[Site "Nordrheinwestfalen"]
[Date "2017.03.19"]
[Round "9.3"]
[White "Kuschel, Peter"]
[Black "Schipp, Cyrill"]
[Result "0-1"]
[WhiteElo "1953"]
[BlackElo "2040"]
[PlyCount "56"]
[EventDate "2016.09.11"]
[EventType "team-tourn"]
[EventRounds "11"]
[EventCountry "GER"]
[SourceTitle "EXT 2022"]
[Source "ChessBase"]
[SourceDate "2021.10.06"]
[SourceVersion "1"]
[SourceVersionDate "2021.10.06"]
[SourceQuality "1"]
[WhiteTeam "Esch SF"]
[BlackTeam "Langenfeld II"]
[WhiteTeamCountry "GER"]
[BlackTeamCountry "GER"]

1. c4 e5 2. Nc3 Nf6 3. g3 Bb4 4. Bg2 0-0 5. e3 Bxc3 6. bxc3 d6 7. Ne2 Be6 8. d3 e4 9. Nd4 Qe7 10. 0-0 Nc6 11. f4 exd3 12. Qxd3 Na5 13. Nxe6 Qxe6 14. Bd5 Qd7 15. Rd1 Qa4 16. Rb1 Nxd5 17. cxd5 Qxa2 18. Rb4 Nb3 19. c4 Nc5 20. Qd4 Qe2 21. Bb2 f6 22. Bc3 Rfe8 23. Re1 Qf3 24. Ba1 Re4 25. Qd2 a5 26. Rb5 Rxc4 27. Rxa5 Rxa5 28. Qxa5 Rc2 0-1

[Event "Mittelrhein Verbandsliga-M 16/17"]
[Site "Nordrheinwestfalen"]
[Date "2017.02.19"]
[Round "8.3"]
[White "Heckoetter, Christian"]
[Black "Kuschel, Peter"]
[Result "0-1"]
[WhiteElo "1989"]
[BlackElo "1953"]
[PlyCount "54"]
[EventDate "2016.09.11"]
[EventType "team-tourn"]
[EventRounds "11"]
[EventCountry "GER"]
[SourceTitle "EXT 2022"]
[Source "ChessBase"]
[SourceDate "2021.10.06"]
[SourceVersion "1"]
[SourceVersionDate "2021.10.06"]
[SourceQuality "1"]
[WhiteTeam "Bergische SF"]
[BlackTeam "Esch SF"]
[WhiteTeamCountry "GER"]
[BlackTeamCountry "GER"]

1. d4 d5 2. Nf3 Nf6 3. e3 Bg4 4. c4 c6 5. Qb3 Bxf3 6. Qxb7 Bxg2 7. Bxg2 Nbd7 8. Nc3 e6 9. Qxc6 Rc8 10. Qa4 Rxc4 11. Qxa7 Bd6 12. 0-0 Bxh2+ 13. Kxh2 Ng4+ 14. Kg3 Qg5 15. f4 Qg6 16. Kf3 Ndf6 17. Qa8+ Kd7 18. Qxh8 Nh2+ 19. Kf2 Nh5 20. Bd2 Qg3+ 21. Kg1 Ng4 22. Rf3 Qh2+ 23. Kf1 Ng3+ 24. Rxg3 Qxg3 25. Be1 Qxe3 26. Qxh7 Rxd4 27. Qh3 Rxf4+ 0-1

[Event "Mittelrhein Verbandsliga-M 16/17"]
[Site "Nordrheinwestfalen"]
[Date "2016.12.18"]
[Round "5.3"]
[White "Kuschel, Peter"]
[Black "Fokken, Achim"]
[Result "1/2-1/2"]
[WhiteElo "1953"]
[BlackElo "1959"]
[PlyCount "70"]
[EventDate "2016.09.11"]
[EventType "team-tourn"]
[EventRounds "11"]
[EventCountry "GER"]
[SourceTitle "EXT 2022"]
[Source "ChessBase"]
[SourceDate "2021.10.06"]
[SourceVersion "1"]
[SourceVersionDate "2021.10.06"]
[SourceQuality "1"]
[WhiteTeam "Esch SF"]
[BlackTeam "Koeln Ford SF"]
[WhiteTeamCountry "GER"]
[BlackTeamCountry "GER"]

1. c4 Nf6 2. Nc3 e5 3. g3 Bb4 4. Bg2 0-0 5. e3 c6 6. Nge2 d6 7. 0-0 Be6 8. b3 d5 9. cxd5 cxd5 10. f4 exf4 11. Rxf4 Bd6 12. Rf1 Nc6 13. Bb2 a6 14. Nf4 Bxf4 15. Rxf4 Ne5 16. Ne4 Nxe4 17. Bxe5 f6 18. Bd4 Ng5 19. Rf1 Qd7 20. d3 Bg4 21. Qd2 Rac8 22. Qa5 Nh3+ 23. Kh1 Be6 24. Qd2 Rc6 25. Rac1 Rfc8 26. Bb2 R8c7 27. e4 dxe4 28. Bxe4 Bd5 29. Bxd5+ Qxd5+ 30. Qg2 Qxg2+ 31. Kxg2 Ng5 32. Rxc6 Rxc6 33. Rf2 Rd6 34. d4 Ne6 35. Rd2 f5 1/2-1/2

[Event "Mittelrhein Verbandsliga-M 15/16"]
[Site "Nordrheinwestfalen"]
[Date "2016.04.10"]
[Round "10.3"]
[White "Pejkovic, Patrick Slavko"]
[Black "Kuschel, Peter"]
[Result "1/2-1/2"]
[WhiteElo "2041"]
[BlackElo "1980"]
[PlyCount "31"]
[EventDate "2015.09.06"]
[EventType "team-tourn"]
[EventRounds "11"]
[EventCountry "GER"]
[SourceTitle "EXT 2022"]
[Source "ChessBase"]
[SourceDate "2021.10.06"]
[SourceVersion "1"]
[SourceVersionDate "2021.10.06"]
[SourceQuality "1"]
[WhiteTeam "Langenfeld II"]
[BlackTeam "Esch SF"]
[WhiteTeamCountry "GER"]
[BlackTeamCountry "GER"]

1. e4 c5 2. Nc3 Nc6 3. f4 g6 4. Nf3 Bg7 5. Bc4 e6 6. 0-0 Nge7 7. d3 0-0 8. Qe1 d5 9. Bb3 b6 10. Qh4 Nd4 11. f5 exf5 12. Nxd5 Nxd5 13. Qxd8 Rxd8 14. Bxd5 Rb8 15. c3 Nxf3+ 16. Rxf3 1/2-1/2

[Event "Mittelrhein Verbandsliga-M 15/16"]
[Site "Nordrheinwestfalen"]
[Date "2016.01.31"]
[Round "7.3"]
[White "Zilberman, Rodion"]
[Black "Kuschel, Peter"]
[Result "0-1"]
[WhiteElo "1819"]
[BlackElo "1980"]
[PlyCount "48"]
[EventDate "2015.09.06"]
[EventType "team-tourn"]
[EventRounds "11"]
[EventCountry "GER"]
[SourceTitle "EXT 2022"]
[Source "ChessBase"]
[SourceDate "2021.10.06"]
[SourceVersion "1"]
[SourceVersionDate "2021.10.06"]
[SourceQuality "1"]
[WhiteTeam "Koeln Longerich"]
[BlackTeam "Esch SF"]
[WhiteTeamCountry "GER"]
[BlackTeamCountry "GER"]

1. d4 d5 2. c4 dxc4 3. Nf3 Nf6 4. e3 Bg4 5. Bxc4 e6 6. Qa4+ c6 7. Be2 Nbd7 8. Nc3 Be7 9. Qc2 0-0 10. h3 Bh5 11. Bd3 Bxf3 12. gxf3 e5 13. Ne4 exd4 14. exd4 c5 15. Rg1 cxd4 16. Bh6 Nh5 17. Ke2 Kh8 18. Qd2 gxh6 19. Qxh6 f5 20. Ng5 Nf4+ 21. Kf1 Bxg5 22. Rxg5 Qf6 23. Qxf6+ Rxf6 24. Bxf5 h6 0-1

[Event "Mittelrhein Verbandsliga-M 15/16"]
[Site "Nordrheinwestfalen"]
[Date "2015.12.13"]
[Round "5.3"]
[White "Baier, Uwe"]
[Black "Kuschel, Peter"]
[Result "1-0"]
[WhiteElo "1686"]
[BlackElo "1968"]
[PlyCount "101"]
[EventDate "2015.09.06"]
[EventType "team-tourn"]
[EventRounds "11"]
[EventCountry "GER"]
[SourceTitle "EXT 2022"]
[Source "ChessBase"]
[SourceDate "2021.10.06"]
[SourceVersion "1"]
[SourceVersionDate "2021.10.06"]
[SourceQuality "1"]
[WhiteTeam "Schlebusch SF"]
[BlackTeam "Esch SF"]
[WhiteTeamCountry "GER"]
[BlackTeamCountry "GER"]

1. e4 c5 2. Nc3 Nc6 3. f4 g6 4. Nf3 Bg7 5. Bb5 e6 6. Bxc6 bxc6 7. 0-0 c4 8. Qe1 d5 9. e5 Nh6 10. b3 cxb3 11. axb3 0-0 12. Ba3 Re8 13. Bc5 Bf8 14. Qf2 a6 15. Bxf8 Rxf8 16. Na4 f6 17. Qh4 Nf5 18. Qh3 Ra7 19. g4 Ng7 20. d4 Raf7 21. Nc5 a5 22. Rf2 Qb6 23. exf6 Rxf6 24. Ng5 h5 25. Raf1 e5 26. fxe5 Rxf2 27. Rxf2 Bxg4 28. Rxf8+ Kxf8 29. Qxg4 hxg4 30. Nd7+ Ke7 31. Nxb6 Nf5 32. c3 g3 33. hxg3 Nxg3 34. Kf2 Nf5 35. Na4 Kd7 36. Nc5+ Kc7 37. Kf3 Nh4+ 38. Kg4 Ng2 39. Nge6+ Kc8 40. Kg5 Ne3 41. Kxg6 Nd1 42. Na4 Kd7 43. Kf7 Ne3 44. Ng7 Nf5 45. Nxf5 c5 46. e6+ Kc6 47. e7 cxd4 48. e8Q+ Kb7 49. Qd7+ Ka6 50. Nc5+ Kb6 51. Qb7+ 1-0

[Event "Mittelrhein Verbandsliga-M 15/16"]
[Site "Nordrheinwestfalen"]
[Date "2015.09.27"]
[Round "2.3"]
[White "Kuschel, Peter"]
[Black "Heckoetter, Christian"]
[Result "1/2-1/2"]
[WhiteElo "1968"]
[BlackElo "1997"]
[PlyCount "62"]
[EventDate "2015.09.06"]
[EventType "team-tourn"]
[EventRounds "11"]
[EventCountry "GER"]
[SourceTitle "EXT 2022"]
[Source "ChessBase"]
[SourceDate "2021.10.06"]
[SourceVersion "1"]
[SourceVersionDate "2021.10.06"]
[SourceQuality "1"]
[WhiteTeam "Esch SF"]
[BlackTeam "Bergische SF"]
[WhiteTeamCountry "GER"]
[BlackTeamCountry "GER"]

1. c4 c5 2. Nc3 Nf6 3. g3 d5 4. cxd5 Nxd5 5. Bg2 Nc7 6. f4 Nd7 7. Nf3 e6 8. 0-0 Rb8 9. e3 Be7 10. d4 0-0 11. e4 b5 12. Be3 Bb7 13. Nd2 cxd4 14. Bxd4 Bc5 15. Nb3 Bxd4+ 16. Qxd4 Nb6 17. Rad1 Qxd4+ 18. Rxd4 Rfd8 19. Rfd1 Rxd4 20. Rxd4 Kf8 21. Nc5 Bc6 22. Rd6 Be8 23. b4 Ke7 24. e5 Nc4 25. Rd4 Rd8 26. Rxd8 Kxd8 27. Kf2 Ke7 28. Nb7 Na6 29. Bf1 Nxb4 30. Bxc4 bxc4 31. Nd6 Bd7 1/2-1/2

[Event "Mittelrhein Verbandsliga-M 15/16"]
[Site "Nordrheinwestfalen"]
[Date "2015.09.06"]
[Round "1.3"]
[White "Hermann, Waldemar"]
[Black "Kuschel, Peter"]
[Result "1-0"]
[WhiteElo "1979"]
[BlackElo "1968"]
[PlyCount "121"]
[EventDate "2015.09.06"]
[EventType "team-tourn"]
[EventRounds "11"]
[EventCountry "GER"]
[SourceTitle "EXT 2022"]
[Source "ChessBase"]
[SourceDate "2021.10.06"]
[SourceVersion "1"]
[SourceVersionDate "2021.10.06"]
[SourceQuality "1"]
[WhiteTeam "Koeln Muelheim"]
[BlackTeam "Esch SF"]
[WhiteTeamCountry "GER"]
[BlackTeamCountry "GER"]

1. e4 c5 2. Nf3 Nc6 3. d4 cxd4 4. Nxd4 Nf6 5. Nc3 e6 6. a3 d5 7. exd5 Nxd5 8. Nxc6 bxc6 9. Bd2 Be7 10. Bd3 0-0 11. 0-0 Qc7 12. Ne4 f5 13. Nc3 Bf6 14. Qe1 e5 15. Bc4 Be6 16. Rd1 Rad8 17. Kh1 Rfe8 18. Qe2 e4 19. Na4 Bf7 20. b4 Rd6 21. Nc5 Bd4 22. Bxd5 Rxd5 23. c4 Rdd8 24. Bg5 Rd6 25. Bf4 Be5 26. Bxe5 Rxe5 27. Rxd6 Qxd6 28. Rd1 Qh6 29. Rd8+ Re8 30. Rxe8+ Bxe8 31. Qc2 Qd6 32. Nb3 Bf7 33. h3 Qd3 34. Qxd3 exd3 35. Nd2 g5 36. g4 fxg4 37. hxg4 Kg7 38. Kg2 h5 39. gxh5 Bxh5 40. f3 Kf6 41. Kf2 Ke5 42. Ke3 Bg6 43. Nb3 Bh5 44. a4 a6 45. a5 Kd6 46. Nd2 Bg6 47. Nb3 Bh5 48. Nc5 g4 49. fxg4 Bxg4 50. Nxa6 Bc8 51. Nc5 Kc7 52. Kxd3 Bh3 53. Kd4 Bf1 54. Ne4 Bg2 55. Nd2 Kb7 56. Kc5 Bh1 57. Nb3 Bg2 58. Nd4 Be4 59. Ne6 Kc8 60. a6 Kb8 61. Kd6 1-0